El desarrollo de la noción de tiempo en el niño / (Record no. 14122)

MARC details
000 -CABECERA
campo de control de longitud fija 00636nam a2200205 a 4500
005 - FECHA Y HORA DE LA ÚLTIMA TRANSACCIÓN
campo de control 20240925064124.0
008 - ELEMENTOS DE LONGITUD FIJA--INFORMACIÓN GENERAL
campo de control de longitud fija 991125s1978 mx 000 0 spa u
020 ## - NÚMERO INTERNACIONAL NORMALIZADO PARA LIBROS
Número Internacional Estándar del Libro 9681600150
035 ## - NÚMERO DE CONTROL DEL SISTEMA
Número de control de sistema UPN01000014122
049 ## - COLECCIÓN
Colección CG
050 #4 - SIGNATURA TOPOGRÁFICA DE LA BIBLIOTECA DEL CONGRESO
Número de clasificación BF468
Número de documento/Ítem P5.38
100 1# - ASIENTO PRINCIPAL--NOMBRE PERSONAL
Nombre de persona Piaget, Jean,
Fechas asociadas al nombre 1896-1980
245 13 - MENCIÓN DE TÍTULO
Título El desarrollo de la noción de tiempo en el niño /
Mención de responsabilidad, etc. Jean Piaget ; tr. de Víctor Manuel Suárez.
260 ## - PUBLICACIÓN, DISTRIBUCIÓN, ETC.
Lugar de publicación, distribución, etc. México :
Nombre del editor, distribuidor, etc. FCE,
Fecha de publicación, distribución, etc. 1978.
300 ## - DESCRIPCIÓN FÍSICA
Extensión 301 p.
440 #0 - MENCIÓN DE SERIE/ASIENTO SECUNDARIO--TÍTULO
Título Biblioteca de psicología y psicoanálisis
650 #4 - ASIENTO SECUNDARIO DE MATERIA - TERMINO TEMATICO
Término de materia o nombre geográfico como elemento de entrada PERCEPCION DEL TIEMPO EN NIÑOS
9 (RLIN) 23049
650 #4 - ASIENTO SECUNDARIO DE MATERIA - TERMINO TEMATICO
Término de materia o nombre geográfico como elemento de entrada Niño, Estudio del
9 (RLIN) 221
905 ## - TIPO DE MATERIAL
Tipo de material Libro
Holdings
Estado de retiro Estado de pérdida Fuente del sistema de clasificación o colocación Estado dañado No para préstamo Código de colección Localización permanente Ubicación/localización actual Ubicación en estantería Total de préstamos Clasificación Código de barras Fecha visto por última vez Número de copia Tipo de ítem Koha Fecha de adquisición Renovaciones totales Fecha del último préstamo Enumeración/cronología de publicación seriada
    Library of Congress Classification     Colección General Bib. Gregorio Torres Quintero Bib. Gregorio Torres Quintero Planta baja 15 BF468 P5.38 215244 31/12/2020 1 Libro        
    Library of Congress Classification     Colección General Bib. Gregorio Torres Quintero Bib. Gregorio Torres Quintero Planta baja 17 BF468 P5.38 84903 31/12/2020 1 Libro        
    Library of Congress Classification     Colección General Bib. Gregorio Torres Quintero Bib. Gregorio Torres Quintero Planta baja   BF468 P5.38 315419 31/12/2020 1 Libro        
    Library of Congress Classification     Colección General Bib. Gregorio Torres Quintero Bib. Gregorio Torres Quintero Planta baja 3 BF468 P5.38 307145 23/05/2025 1 Libro 05/10/2022 1 10/04/2025  
    Library of Congress Classification     Colección General Bib. Gregorio Torres Quintero Bib. Gregorio Torres Quintero Planta baja 4 BF468 P5.38 U2446 17/02/2023 1 Libro 20/01/2023 1 20/01/2023 Donación UNESCO
    Library of Congress Classification     Colección General Bib. Gregorio Torres Quintero Bib. Gregorio Torres Quintero Planta baja 30 BF468 P5.38 10273 31/12/2020 1 Libro        
    Library of Congress Classification     Colección General Bib. Gregorio Torres Quintero Bib. Gregorio Torres Quintero Planta baja 15 BF468 P5.38 84902 31/12/2020 1 Libro        
    Library of Congress Classification     Colección General Bib. Gregorio Torres Quintero Bib. Gregorio Torres Quintero Planta baja 17 BF468 P5.38 84901 31/12/2020 1 Libro